| 000 | 00485cam a2200193ua 4500 | ||
|---|---|---|---|
| 001 | 10122 | ||
| 008 | 170331n ii |||gr||||Z||||||eng | ||
| 020 | _a9780010000146 | ||
| 040 | _cMAIN | ||
| 041 | _aeng | ||
| 082 | _a920 | ||
| 100 |
_aCanning, John, _eEditor. |
||
| 245 |
_aHundred (100) great modern lives _cEd. by John Canning |
||
| 250 | _a11th imp. | ||
| 260 |
_aNew Delhi: _bRupa & co., _c1999. |
||
| 300 | _a640p. | ||
| 653 | _aBiography, genealogy & insignia | ||
| 942 | _cBK | ||
| 999 |
_c9120 _d9120 |
||